| 000 | 00868nam a22002777a 4500 | ||
|---|---|---|---|
| 003 | BUBTL | ||
| 008 | 130427b xxu||||| |||| 00| 0 eng d | ||
| 020 | _a9789332518612 | ||
| 024 | _cAvailable | ||
| 037 | _cAvailable | ||
| 040 |
_aMBSTU LIBRARY _dMBSTU LIBRARY |
||
| 082 |
_222 _a621.3192/ B696i/ 2014 |
||
| 100 |
_aBoylestad, Robert L. _94304 |
||
| 245 |
_aIntroductory Circuit Analysis / _cRobert L. Boylestad |
||
| 250 | _a12th Edn. | ||
| 260 |
_aNew Jersy: _bPearson Education, _cc2014 |
||
| 270 |
_aNew Jersy _bNew Jersy _dUSA |
||
| 300 |
_axii,1188 p.: _bill.; _c28 cm. |
||
| 500 | _aIncludes Index | ||
| 505 | _aIntroductory Circuit Analysis, Robert L. Boylestad | ||
| 600 |
_aNetworks _92373 |
||
| 650 | 0 |
_94295 _aElectrical and Electronic Engineering |
|
| 856 |
_k0 _l0 _yDownload |
||
| 942 |
_2ddc _cBK |
||
| 999 |
_c237 _d237 |
||